| 000 | 01435nam a2200301 a 4500 | ||
|---|---|---|---|
| 003 | CO-CtgCURN | ||
| 005 | 20250329165425.0 | ||
| 008 | 160531s2013 000 0 eng d | ||
| 040 |
_aCO-CtgCURN _bspa _ccoctgcurn |
||
| 082 | 0 |
_aDER 2013 _bT591 |
|
| 100 | 1 | _aTinoco Acosta, Alvaro Enrique. | |
| 245 | 1 | 0 |
_aIncidencia de la caida del incentivo economico traido por la Ley 1425 de 2010 sobre la presentacion de acciones populares ante los juzgados administrativos del Circuito Judicial de Cartagena / _cAlvaro EnriqueTinoco Acosta. |
| 260 |
_aCartagena de Indias : _bCorporacion Universitaria Rafael Nuñez, _c2013. |
||
| 300 | _a1 CD-Rom. | ||
| 336 | _2rdacontent | ||
| 337 |
_2rdamedia _asin mediacion _bn |
||
| 338 |
_2rdacarrier _avolumen _bnc |
||
| 502 | _aTrabajo de grado (Abogado). Corporacion Universitaria Rafael Nuñez. Facultad de Ciencias Sociales y Humanas. Programa de Derecho, 2013. | ||
| 504 | _aIncluye bibliografia. | ||
| 590 | _aDerecho | ||
| 650 | 0 |
_aDerecho _vTesis y disertaciones academicas. |
|
| 650 | 0 | _aLey 1425 de 2010. | |
| 650 | 0 | _aAcciones populares. | |
| 650 | 0 | _aAccion y defensa (Derecho) | |
| 856 | 7 |
_uhttps://unicurn.sharepoint.com/:b:/s/biblioteca/EeqKnVhRPaJFnFAgSxm8IE4BdB5ofh350UY_ASMih7BAow?e=ALfjNs _zClick aqui para ver el recurso en texto completo |
|
| 942 |
_hDER 2013 _iT591 _2ddc _cTG |
||
| 999 |
_c3530 _d3530 |
||